Introduction to tourism: (Record no. 1641)
[ view plain ]
| 000 -LEADER | |
|---|---|
| fixed length control field | 00665nam a22001817a 4500 |
| 005 - DATE AND TIME OF LATEST TRANSACTION | |
| control field | 20230309013301.0 |
| 008 - FIXED-LENGTH DATA ELEMENTS--GENERAL INFORMATION | |
| fixed length control field | 230309b |||||||| |||| 00| 0 eng d |
| 020 ## - INTERNATIONAL STANDARD BOOK NUMBER | |
| International Standard Book Number | 978-971-27-1917-2 |
| 082 ## - DEWEY DECIMAL CLASSIFICATION NUMBER | |
| Classification number | Fil. 338.4791 L696 2007 |
| 100 ## - MAIN ENTRY--PERSONAL NAME | |
| Personal name | Libosada, Carlos Jr., M. |
| Relator term | author |
| 245 ## - TITLE STATEMENT | |
| Title | Introduction to tourism: |
| Remainder of title | a comprehensive guide to the travel and tourism industry / |
| Statement of responsibility, etc. | Carlos M. Libosada Jr. and Carmela A. Bosangit |
| 260 ## - PUBLICATION, DISTRIBUTION, ETC. | |
| Place of publication, distribution, etc. | Pasig City: |
| Name of publisher, distributor, etc. | Anvil Publishing Inc., |
| Date of publication, distribution, etc. | c2007. |
| 300 ## - PHYSICAL DESCRIPTION | |
| Extent | viii, 175p.; |
| Other physical details | ill. |
| 504 ## - BIBLIOGRAPHY, ETC. NOTE | |
| Bibliography, etc. note | Includes bibliographies |
| 541 ## - IMMEDIATE SOURCE OF ACQUISITION NOTE | |
| Accession number | 1263 c.1, 2032 c.2, 3231 c.3 |
| 650 ## - SUBJECT ADDED ENTRY--TOPICAL TERM | |
| Topical term or geographic name entry element | Tourist trade |
| 700 ## - ADDED ENTRY--PERSONAL NAME | |
| Personal name | Bosangit, Carmela A. |
| Relator term | author |
| Withdrawn status | Lost status | Source of classification or shelving scheme | Damaged status | Not for loan | Home library | Current library | Date acquired | Total Checkouts | Full call number | Barcode | Date last seen | Copy number | Price effective from | Koha item type | Date last checked out |
|---|---|---|---|---|---|---|---|---|---|---|---|---|---|---|---|
| Dewey Decimal Classification | ctu-moalboal | ctu-moalboal | 06/13/2011 | Fil. 338.4791 L696 2007 | 1263 | 03/09/2023 | 1 | 03/09/2023 | Books-Filipiniana | ||||||
| Dewey Decimal Classification | ctu-moalboal | ctu-moalboal | 01/17/2012 | Fil. 338.4791 L696 2007 | 2032 | 03/09/2023 | 2 | 03/09/2023 | Books-Filipiniana | ||||||
| Dewey Decimal Classification | ctu-moalboal | ctu-moalboal | 01/29/2014 | 1 | Fil. 338.4791 L696 2007 | 3231 | 07/18/2023 | 3 | 03/09/2023 | Books-Filipiniana | 03/23/2023 |